00273nam a2200109Ia 4500008004100000082001400041100001500055245003500070250000800105260003200113650001800145150201s2007 xx 000 0 und d a611bI07W aWEIR,JAMIE aIMAGING ATLAS OF HUMAN ANATOMY a3RD bMOSBY ELSEVIERaDELHIc2007 aHUMAN ANATOMY